Критерии априорной оценки реализации титрований на основе степеней протекания аналитических реакций: автореферат диссертации на соискание ученой степени кандидата химических наук; спец. 02.00.02

التفاصيل البيبلوغرافية
المؤلف الرئيسي: Терентьев Р. А. Роман Александрович
مؤلف مشترك: Алтайский государственный университет (АлтГУ)
مؤلفون آخرون: Чеботарев В. К. Виктор Константинович (научный руководитель)
الملخص:Заглавие с титульного экрана
Электронная версия печатной публикации
اللغة:الروسية
منشور في: Томск, 2015
الموضوعات:
الوصول للمادة أونلاين:http://www.lib.tpu.ru/fulltext/a/2015/01.pdf
التنسيق: MixedMaterials الكتروني كتاب
KOHA link:https://koha.lib.tpu.ru/cgi-bin/koha/opac-detail.pl?biblionumber=287910

MARC

LEADER 00000nlm0a2200000 4500
001 287910
005 20231102000033.0
035 |a (RuTPU)RU\TPU\book\312353 
090 |a 287910 
100 |a 20150320d2015 k y0rusy50 ca 
101 0 |a rus 
102 |a RU 
105 |a a dm 001zy 
135 |a drcn ---uucaa 
181 0 |a i  
182 0 |a b 
200 1 |a Критерии априорной оценки реализации титрований на основе степеней протекания аналитических реакций  |b Электронный ресурс  |e автореферат диссертации на соискание ученой степени кандидата химических наук  |e спец. 02.00.02  |f Р. А. Терентьев  |g Алтайский государственный университет (АлтГУ) ; науч. рук. В. К. Чеботарев 
203 |a Текст  |c электронный 
210 |a Томск  |d 2015 
215 |a 1 файл (504 Kb) 
230 |a Электронные текстовые данные (1 файл : 504 Kb) 
300 |a Заглавие с титульного экрана 
300 |a Электронная версия печатной публикации 
337 |a Adobe Reader 
452 1 |0 (RuTPU)RU\TPU\book\315815  |t Критерии априорной оценки реализации титрований на основе степеней протекания аналитических реакций  |o автореферат диссертации на соискание ученой степени кандидата химических наук  |o спец. 02.00.02  |f Р. А. Терентьев  |g Алтайский государственный университет (АлтГУ), Кафедра аналитической химии ; науч. рук. В. К. Чеботарев  |c Томск  |n [Б. и.]  |d 2015  |p 19 с.  |a Терентьев, Роман Александрович 
606 1 |a Титриметрический анализ  |2 stltpush  |3 (RuTPU)RU\TPU\subj\71437  |9 85344 
610 1 |a авторефераты диссертаций 
610 1 |a электронный ресурс 
610 1 |a реакции 
610 1 |a термические методы 
610 1 |a расчет 
610 1 |a программное обеспечение 
610 1 |a кислотно-основное титрование 
610 1 |a осадительное титрование 
610 1 |a комплексометрическое титрование 
610 1 |a окислительно-восстановительное титрование 
610 1 |a априорные оценки 
610 1 |a критерии 
610 1 |a многокомпонентные смеси 
675 |a 543.24(04)  |v 3 
686 |a 02.00.02  |2 oksvnk 
700 1 |a Терентьев  |b Р. А.  |g Роман Александрович 
702 1 |a Чеботарев  |b В. К.  |g Виктор Константинович  |4 727 
712 0 2 |a Алтайский государственный университет (АлтГУ)  |c (Барнаул)  |2 stltpush  |3 (RuTPU)RU\TPU\col\21 
801 2 |a RU  |b 63413507  |c 20150911  |g RCR 
856 4 |u http://www.lib.tpu.ru/fulltext/a/2015/01.pdf 
942 |c CF